| 000 | 00939nam a22002415a 4500 | ||
|---|---|---|---|
| 003 | OSt | ||
| 005 | 20170313154251.0 | ||
| 008 | 170313s2014 ua frb 000 0 ara d | ||
| 015 | _a2013 / 15937 | ||
| 020 | _a2013 | ||
| 040 |
_aEG-ScBUE _bara _cEG-ScBUE |
||
| 082 | 0 | 4 |
_a344.046 _bهـ ل ا _222 |
| 100 | 1 | _aهلال، سيد. | |
| 245 | 1 | 2 |
_aالحماية الدولية للبيئة أثناء النزاعات المسلحة : _bالاتفاقيات الدولية ذات الصلة معلقا عليها بآراء الفقه وأحكام القضاء الدولي / _cسيد هلال. |
| 250 | _aط. 1. | ||
| 260 |
_aالقاهرة : _b[د. ن.]، _c2014. |
||
| 300 |
_a1 مج. (متعدد الترقيم) ؛ _c24 سم. |
||
| 504 | _aيشتمل على إرجاعات ببليوجرافية. | ||
| 650 | 7 |
_aحماية البيئة (قانون دولي) _2BUEsh |
|
| 651 | _2BUEsh | ||
| 653 |
_bLLAAWW _cMarch2017 |
||
| 942 | _2ddc | ||
| 999 |
_c24413 _d24385 |
||